LEADER 03582nam 22007335 450 001 9910986143503321 005 20250310115246.0 010 $a9783031855313 010 $a3031855310 024 7 $a10.1007/978-3-031-85531-3 035 $a(CKB)37817228400041 035 $a(MiAaPQ)EBC31955429 035 $a(Au-PeEL)EBL31955429 035 $a(DE-He213)978-3-031-85531-3 035 $a(EXLCZ)9937817228400041 100 $a20250310d2025 u| 0 101 0 $aeng 135 $aur||||||||||| 181 $ctxt$2rdacontent 182 $cc$2rdamedia 183 $acr$2rdacarrier 200 10$aOenology in Practice $eChemistry of Wines and Winemaking Protocols /$fby George Z. Kyzas, Fragkiskos Papageorgiou 205 $a1st ed. 2025. 210 1$aCham :$cSpringer Nature Switzerland :$cImprint: Springer,$d2025. 215 $a1 online resource (301 pages) 311 08$a9783031855306 311 08$a3031855302 327 $aChapter 1 Introduction -- Chapter 2 Chemistry of wine -- Chapter 3 Type of wines -- Chapter 4 Wine analysis methods -- Chapter 5 Enological additives -- Chapter 6 Wine tasting. 330 $aThis textbook offers a comprehensive and practical guide to oenology, detailing the scientific principles and techniques essential for producing various types of wines. It provides in-depth discussions on the chemistry behind wines and winemaking processes. Starting with an introductory overview, the textbook examines the fundamental components of wine chemistry, such as alcohols, acids, and phenolic compounds. It then explores a range of winemaking methodologies, from traditional approaches to modern innovations, including detailed protocols for producing diverse wine types. Special attention is given to analytical methodologies crucial for assessing wine quality and authenticity, discussing parameters like sugars, acids, and phenolic content, as well as addressing potential adulterations. In the final sections, readers will gain insights into the role of oenological additives in shaping wine characteristics and their application in vinification processes. The last chapter covers the essentials of wine tasting, including setup, steps, sensory evaluation, types of tests, and the science behind flavors and aromas. Tailored for students, researchers, and oenology professionals, this textbook is also ideal for wine enthusiasts seeking to deepen their understanding of the scientific principles behind wine production and tasting. 606 $aFood$xAnalysis 606 $aChemistry 606 $aWine and wine making 606 $aChemical engineering 606 $aAnalytical chemistry 606 $aBiotechnology 606 $aFood Chemistry 606 $aOenology 606 $aFood Analysis 606 $aChemical Engineering 606 $aAnalytical Chemistry 606 $aBiotechnology 615 0$aFood$xAnalysis. 615 0$aChemistry. 615 0$aWine and wine making. 615 0$aChemical engineering. 615 0$aAnalytical chemistry. 615 0$aBiotechnology. 615 14$aFood Chemistry. 615 24$aOenology. 615 24$aFood Analysis. 615 24$aChemical Engineering. 615 24$aAnalytical Chemistry. 615 24$aBiotechnology. 676 $a543 676 $a664.07 700 $aKyzas$b George Z$01647229 701 $aPapageorgiou$b Fragkiskos$01791047 801 0$bMiAaPQ 801 1$bMiAaPQ 801 2$bMiAaPQ 906 $aBOOK 912 $a9910986143503321 996 $aOenology in Practice$94327896 997 $aUNINA LEADER 04180nam 22007695 450 001 9910370254703321 005 20230810164957.0 010 $a9783030220525 010 $a3030220524 024 7 $a10.1007/978-3-030-22052-5 035 $a(CKB)4940000000158771 035 $a(MiAaPQ)EBC6005493 035 $a(DE-He213)978-3-030-22052-5 035 $a(Perlego)3480202 035 $a(EXLCZ)994940000000158771 100 $a20200103d2019 u| 0 101 0 $aeng 135 $aurcnu|||||||| 181 $ctxt$2rdacontent 182 $cc$2rdamedia 183 $acr$2rdacarrier 200 14$aThe Creation of the East Timorese Economy $eVolume 2: Birth of a Nation /$fby Mats Lundahl, Fredrik Sjöholm 205 $a1st ed. 2019. 210 1$aCham :$cSpringer International Publishing :$cImprint: Palgrave Macmillan,$d2019. 215 $a1 online resource (409 pages) $cillustrations 225 1 $aPalgrave Studies in Economic History,$x2662-6500 311 08$a9783030220518 311 08$a3030220516 320 $aIncludes bibliographical references and index. 327 $a1. A Poor Young Nation -- 2. From Independence to Turmoil -- 3. Political, Economic and Social Developments 2007-2018 -- 4. Population Growth and Job Creation: The Search for a Modern Sector -- 5. The Agricultural Sector -- 6. Oil and the Resource Curse -- 7. Conclusions and a Look to the Future. 330 $aVery little has been written on the economy of East Timor since the country's independence in 2002, and no comprehensive account exists of the economic history of the country. The former cannot be properly understood without a knowledge of the historical process that created the present-day situation. This research monograph is the first book to combine a historical analysis of the creation and development of the economy of East Timor from the earliest times to the present, and an analysis of the main contemporary problems facing the East Timorese economy. Volume II offers a detailed analysis of the economy of East Timor, of politics, fiscal policy and social progress. It pays particular attention to structural problems: employment generation and the lack of a modern sector, the modernization of agriculture and the management of the oil deposits in the Timor Sea. The first volume, available separately, considers East Timor from a chronological perspective, as a Portuguese colony, and a country occupied by Indonesia up to national independence in 2002. This book will appeal to economists, political scientists and social scientists in general as well as practitioners, since it focuses on down-to-earth problems that need to be solved for the economy to develop. The book can also be read by students both at the undergraduate and graduate levels and could be used for case studies in development. . 410 0$aPalgrave Studies in Economic History,$x2662-6500 606 $aEconomic history 606 $aAsia$xHistory 606 $aDevelopment economics 606 $aPolitical science 606 $aEconomic development 606 $aPower resources 606 $aEconomic History 606 $aAsian History 606 $aDevelopment Economics 606 $aPolitical Science 606 $aDevelopment Studies 606 $aNatural Resource and Energy Economics 615 0$aEconomic history. 615 0$aAsia$xHistory. 615 0$aDevelopment economics. 615 0$aPolitical science. 615 0$aEconomic development. 615 0$aPower resources. 615 14$aEconomic History. 615 24$aAsian History. 615 24$aDevelopment Economics. 615 24$aPolitical Science. 615 24$aDevelopment Studies. 615 24$aNatural Resource and Energy Economics. 676 $a330.95986 676 $a330.95987 700 $aLundahl$b Mats$4aut$4http://id.loc.gov/vocabulary/relators/aut$0129849 702 $aSjöholm$b Fredrik$4aut$4http://id.loc.gov/vocabulary/relators/aut 801 0$bMiAaPQ 801 1$bMiAaPQ 801 2$bMiAaPQ 906 $aBOOK 912 $a9910370254703321 996 $aThe Creation of the East Timorese Economy$91922965 997 $aUNINA